<?xml version="1.0" encoding="UTF-8"?>
<record
    xmlns:xsi="http://www.w3.org/2001/XMLSchema-instance"
    xsi:schemaLocation="http://www.loc.gov/MARC21/slim http://www.loc.gov/standards/marcxml/schema/MARC21slim.xsd"
    xmlns="http://www.loc.gov/MARC21/slim">

  <leader>01527nam a22002897a 4500</leader>
  <controlfield tag="003">OSt</controlfield>
  <controlfield tag="005">20150408114134.0</controlfield>
  <controlfield tag="008">110727s2012    stka   g      001 0 eng  </controlfield>
  <datafield tag="020" ind1=" " ind2=" ">
    <subfield code="a">9780723436249</subfield>
  </datafield>
  <datafield tag="040" ind1=" " ind2=" ">
    <subfield code="a">Ma-Un</subfield>
  </datafield>
  <datafield tag="082" ind1="0" ind2="0">
    <subfield code="2">22</subfield>
    <subfield code="a">612.8</subfield>
    <subfield code="b">RJN</subfield>
  </datafield>
  <datafield tag="100" ind1="1" ind2=" ">
    <subfield code="a">Ross, Jenny,</subfield>
    <subfield code="d">1986-</subfield>
    <subfield code="9">36091</subfield>
  </datafield>
  <datafield tag="245" ind1="1" ind2="0">
    <subfield code="a">Nervous system /</subfield>
    <subfield code="c">Jenny Ross.</subfield>
  </datafield>
  <datafield tag="250" ind1=" " ind2=" ">
    <subfield code="a">4th ed.</subfield>
  </datafield>
  <datafield tag="260" ind1=" " ind2=" ">
    <subfield code="a">Edinburgh :</subfield>
    <subfield code="b">Mosby Elsevier,</subfield>
    <subfield code="c">2012.</subfield>
  </datafield>
  <datafield tag="300" ind1=" " ind2=" ">
    <subfield code="a">x, 274 p. :</subfield>
    <subfield code="b">ill. ;</subfield>
    <subfield code="c">25 cm.</subfield>
  </datafield>
  <datafield tag="490" ind1="1" ind2=" ">
    <subfield code="a">Crash course</subfield>
  </datafield>
  <datafield tag="500" ind1=" " ind2=" ">
    <subfield code="a">Rev.ed. of : Nervous system. 3rd ed. / Mark Hughes, Thomas Miller. Edinburgh : Mosby, 2007.</subfield>
  </datafield>
  <datafield tag="500" ind1=" " ind2=" ">
    <subfield code="a">Includes index.</subfield>
  </datafield>
  <datafield tag="505" ind1="0" ind2=" ">
    <subfield code="a">Introduction and overview of the central nervous system -- The development of the nervous system and disorders of development -- Cellular physiology of the nervous system and introduction to pharmacology -- The spinal cord and peripheral nerves -- Somatosensation and the perception of pain -- Motor control -- The automatic nervous system -- Vision -- Hearing, speech and language -- Olfaction and taste (gustation) -- The brainstem -- Neuroendocrinology -- Memory and higher functions -- Basic pathological process within the central nervous system -- Neurogenetics -- Pharmacology of the central nervous system -- Clinical assessment of the nervous system.</subfield>
  </datafield>
  <datafield tag="650" ind1=" " ind2=" ">
    <subfield code="a">Nervous System.</subfield>
  </datafield>
  <datafield tag="650" ind1=" " ind2=" ">
    <subfield code="a">Nervous System Diseases.</subfield>
  </datafield>
  <datafield tag="700" ind1="1" ind2=" ">
    <subfield code="a">Hughes, Mark.</subfield>
    <subfield code="c">BSc.</subfield>
    <subfield code="t">Nervous system.</subfield>
    <subfield code="9">36093</subfield>
  </datafield>
  <datafield tag="800" ind1="1" ind2=" ">
    <subfield code="a">Horton-Szar, Dan</subfield>
    <subfield code="9">44621</subfield>
  </datafield>
  <datafield tag="830" ind1=" " ind2="0">
    <subfield code="a">Crash course.</subfield>
    <subfield code="9">36087</subfield>
  </datafield>
  <datafield tag="942" ind1=" " ind2=" ">
    <subfield code="2">ddc</subfield>
    <subfield code="c">BOOK</subfield>
  </datafield>
  <datafield tag="999" ind1=" " ind2=" ">
    <subfield code="c">30126</subfield>
    <subfield code="d">264626</subfield>
  </datafield>
  <datafield tag="952" ind1=" " ind2=" ">
    <subfield code="1">0</subfield>
    <subfield code="2">2013-06-20</subfield>
    <subfield code="4">0</subfield>
    <subfield code="7">1</subfield>
    <subfield code="a">612.8  RJN</subfield>
    <subfield code="c">1</subfield>
    <subfield code="d">2013-06-20</subfield>
    <subfield code="h">CL</subfield>
    <subfield code="i">00306807</subfield>
    <subfield code="m">CL</subfield>
    <subfield code="r">2013-06-20 00:00:00</subfield>
    <subfield code="t">BOOK</subfield>
    <subfield code="w">ddc</subfield>
    <subfield code="y">0</subfield>
  </datafield>
  <datafield tag="952" ind1=" " ind2=" ">
    <subfield code="1">0</subfield>
    <subfield code="2">2013-06-20</subfield>
    <subfield code="4">0</subfield>
    <subfield code="7">0</subfield>
    <subfield code="a">612.8  RJN</subfield>
    <subfield code="c">2</subfield>
    <subfield code="d">2013-06-20</subfield>
    <subfield code="h">CL</subfield>
    <subfield code="i">00306808</subfield>
    <subfield code="m">CL</subfield>
    <subfield code="q">2014-05-07</subfield>
    <subfield code="r">2014-06-04 00:00:00</subfield>
    <subfield code="t">BOOK</subfield>
    <subfield code="w">ddc</subfield>
    <subfield code="y">1</subfield>
  </datafield>
  <datafield tag="952" ind1=" " ind2=" ">
    <subfield code="1">0</subfield>
    <subfield code="2">2013-06-20</subfield>
    <subfield code="4">0</subfield>
    <subfield code="7">0</subfield>
    <subfield code="a">612.8  RJN</subfield>
    <subfield code="c">3</subfield>
    <subfield code="d">2013-06-20</subfield>
    <subfield code="h">CL</subfield>
    <subfield code="i">00306809</subfield>
    <subfield code="m">CL</subfield>
    <subfield code="o">1</subfield>
    <subfield code="q">2014-04-15</subfield>
    <subfield code="r">2014-06-03 00:00:00</subfield>
    <subfield code="t">BOOK</subfield>
    <subfield code="w">ddc</subfield>
    <subfield code="y">1</subfield>
  </datafield>
  <datafield tag="952" ind1=" " ind2=" ">
    <subfield code="1">0</subfield>
    <subfield code="2">2014-05-11</subfield>
    <subfield code="4">0</subfield>
    <subfield code="7">1</subfield>
    <subfield code="a">612.8 RJN</subfield>
    <subfield code="c">1</subfield>
    <subfield code="d">2014-05-11</subfield>
    <subfield code="e">&#x62F;&#x627;&#x631; &#x627;&#x644;&#x639;&#x631;&#x628;</subfield>
    <subfield code="h">SZM</subfield>
    <subfield code="i">00210188</subfield>
    <subfield code="m">SZM</subfield>
    <subfield code="r">2014-05-11 00:00:00</subfield>
    <subfield code="t">BOOK</subfield>
    <subfield code="w">ddc</subfield>
    <subfield code="y">0</subfield>
  </datafield>
  <datafield tag="952" ind1=" " ind2=" ">
    <subfield code="1">0</subfield>
    <subfield code="2">2014-05-11</subfield>
    <subfield code="4">0</subfield>
    <subfield code="7">0</subfield>
    <subfield code="a">612.8 RJN</subfield>
    <subfield code="c">2</subfield>
    <subfield code="d">2014-05-11</subfield>
    <subfield code="e">&#x62F;&#x627;&#x631; &#x627;&#x644;&#x639;&#x631;&#x628;</subfield>
    <subfield code="h">SZM</subfield>
    <subfield code="i">005.133 &#x639; &#x645; &#x628;189</subfield>
    <subfield code="m">SZM</subfield>
    <subfield code="r">2014-05-11 00:00:00</subfield>
    <subfield code="t">BOOK</subfield>
    <subfield code="w">ddc</subfield>
    <subfield code="y">0</subfield>
  </datafield>
  <datafield tag="952" ind1=" " ind2=" ">
    <subfield code="1">0</subfield>
    <subfield code="2">2014-05-11</subfield>
    <subfield code="4">0</subfield>
    <subfield code="7">1</subfield>
    <subfield code="a">612.8 RJN</subfield>
    <subfield code="c">1</subfield>
    <subfield code="d">2014-05-11</subfield>
    <subfield code="e">&#x62F;&#x627;&#x631; &#x627;&#x644;&#x639;&#x631;&#x628;</subfield>
    <subfield code="h">AMF</subfield>
    <subfield code="i">00210190</subfield>
    <subfield code="m">AMF</subfield>
    <subfield code="q">2022-02-16</subfield>
    <subfield code="r">2022-05-31 00:00:00</subfield>
    <subfield code="t">BOOK</subfield>
    <subfield code="w">ddc</subfield>
    <subfield code="y">1</subfield>
  </datafield>
</record>
